1780 1368 1640 1781 1955 1376 1266 1476 1773 1590 1985 1518 1389 1215 1610 1690 1645 1262 1265 1878 1861 1173 1873 1002 1556 1261 1240 1806 1816 1226 1856 1816 1975 1787 1120 1459 1919 1107 1282 1437 1703 1379 1478 1573 1205 1720 1715 1563 1612 1930 1013 1713 1021 1724 1932 1141 1859 1578 1705 1631 1949 1972 1886 1354 1884 1230 1672 1829 1765 1996 1713 1330 1659 1909 1058 1274 1890 1671 1781 1274 1307 1561 1448 1672 1942 1909 1805 1225 1146 1827 1673 1211 1347 1338 1908 1793 1116 1194 1743 BCNSPRNW ULIB Ver.6.0+V

เปลี่ยนเป็นภาษาไทย

Change to English
 แสดงรายละเอียดบรรณานุกรม
  กลับหน้าหลัก

Brief Record : Get Marc (ISO 2709) : E-mail record : QR code < ปิดหน้าต่าง
LEADER : 00000nam 2200000uu 4500
001    13399111450
003     ULIB
008    110627s||||||||th 000 0 tha d
020    9786165001304
090    นว.^bร147ค 2554
100 0  ร่มแก้ว
245 00 คุณชายปวรรุจ/^cร่มแก้ว
250    พิมพ์ครั้งที่ 4
260    กรุงเทพฯ :^bพิมพ์คำ,^c2554
300    328 หน้า
490 0  นวนิยายชุด สุภาพบุรุษจุฑาเทพ
945    ^p220^l0^i030169
995    ทศพร
999 ^a ใช้งานได้ทุกระบบ
รายการนี้ยังไม่มีแท็ก
คุณยังไม่ได้ล็อกอิน คุณสามารถมีกิจกรรมร่วมกับเว็บไซต์ได้ แต่ต้องล็อกอินก่อน ::
  ล็อกอิน

รายการสื่อสารสนเทศ

ลำดับที่ ประเภท เลขเรียก/บาร์โค้ด สถานที่ สถานะ
1. นวนิยาย
นวนิยาย
นว. ร147ค 2554 ฉ.1 
  Barcode: 030169
ห้องสมุดวิทยาเขตสวรรค์ประชารักษ์
►นวนิยาย
บนชั้น
  ขอยืม

รายการใกล้เคียง
    ผู้แต่ง [ร่มแก้ว]

BibComment


ยังไม่เคยถูกคอมเมนท์

คอมเมนท์ทรัพยากรรายการนี้
  คอมเมนท์: คุณชายปวรรุจ ร่มแ..


 Copyright 2026. Bcnsprnw @Library